000 00775nam a2200217 a 4500
001 BRCA_5551
005 20190320205128.0
008 280311s1894----gw-a######---#000-0#ger-#
041 _ager
044 _agw
050 4 _aNK4380
_b.B75 1894
100 1 _aBrinckman, Justus
_914166
245 1 0 _aHamburgisches Museum für Kunst und Gewebe
_bBeschreibung des europäischen Porzellans un Steingutes mit geschichtlichen Einleitungen
_cJustus Brinckman.
260 _aHamburgo
_bGedruck bei Luteke und Wulff
_c1894
_bil.
_c27 cm.
500 _aIncluye índice de autores e índice de marcas en porcelana
500 _aF27
650 1 4 _aPorcelana europea
_xTécnicas y marcas
_914167
650 1 4 _aDecoración y ornamentación
_zAlemania
_914168
902 _aGFM
942 _2lcc
_cB
999 _c5245
_d5245